Biện pháp phát triển đội ngũ cán bộ quản lý trường THCS huyện Núi Thành, tỉnh Quảng Nam

Trên cơ sở nghiên cứu lý luận và khảo sát thực trạng đội ngũ cán bộ quản lý đề tài đề xuất một số biện pháp phát triển đội ngũ cán bộ quản lý các trường THCS của huyện Núi Thành, tỉnh Quảng Nam nhằm phát huy năng lực quản lý của đội ngũ hiệu trưởng, phó hiệu trưởng phù hợp với xu thế phát triển giáo...

Полное описание

Сохранить в:
Библиографические подробности
Главный автор: Châu Ngọc Tuấn
Другие авторы: Phùng Đình Mẫn PGS.TS. (Hướng dẫn)
Формат:
Язык:Vietnamese
Опубликовано: Đà Nẵng Trường Đại học sư phạm Đà Nẵng 2017
Предметы:
Метки: Добавить метку
Нет меток, Требуется 1-ая метка записи!
Thư viện lưu trữ: Mạng thư viện Đại học Đà Nẵng
LEADER 01960nam a2200349 4500
001 000025044
003 21535
005 20170420070428.0
008 170417s2017 viesd
041 |a vie 
082 1 4 |a 373.12011  |b CH-T 
100 1 |a Châu Ngọc Tuấn 
245 1 |a Biện pháp phát triển đội ngũ cán bộ quản lý trường THCS huyện Núi Thành, tỉnh Quảng Nam  |c Châu Ngọc Tuấn ; Phùng Đình Mẫn hướng dẫn.  |k Luận văn Thạc sĩ 
260 |a Đà Nẵng  |b Trường Đại học sư phạm Đà Nẵng  |c 2017 
300 |a 101 tr., phụ lục 23 tr.  |c 29 cm.  |e Tóm tắt 
500 |a Luận văn thạc sĩ Giáo dục học. Chuyên ngành: Quản lý giáo dục. Mã số: 60.14.01.14 
520 3 |a Trên cơ sở nghiên cứu lý luận và khảo sát thực trạng đội ngũ cán bộ quản lý đề tài đề xuất một số biện pháp phát triển đội ngũ cán bộ quản lý các trường THCS của huyện Núi Thành, tỉnh Quảng Nam nhằm phát huy năng lực quản lý của đội ngũ hiệu trưởng, phó hiệu trưởng phù hợp với xu thế phát triển giáo dục trong giai đoạn hiện nay. 
650 0 4 |a Giáo dục trung học  |v Luận văn tốt nghiệp  |x Người quản lý  |z Quảng Nam 
653 |a Quản lý giáo dục 
653 |a Giáo dục trung học 
653 |a Cán bộ quản lý 
700 1 |a Phùng Đình Mẫn  |c PGS.TS.  |e Hướng dẫn 
OWN |a LSP 
AVA |a UDN50  |b LSP  |d 373.12011 CH-T  |e available  |t Error 5001 Not defined in file expand_doc_bib_avail.  |f 1  |g 0  |h N  |i 0  |k 1 
999 |a From the UDN01 
AVA |a UDN50  |b LSP  |d 373.12011 CH-T  |e available  |t Error 5001 Not defined in file expand_doc_bib_avail.  |f 1  |g 0  |h N  |i 0  |k 1 
TYP |a Monograph 
TYP |a Printed language 
980 |a Mạng thư viện Đại học Đà Nẵng